Ruka Konkurs Indywidualny - Top 10 - Statystyki

Ogólne statystyki
  • Ten quiz został rozwiązany 37 razy
  • Średni wynik to 7 z 10
Statystyki odpowiedzi
POZYCJA ZAWODNIK % Poprawnych
1 Ryoyu Kobayashi
97%
8 Kamil Stoch
90%
5 Karl Geiger
90%
4 Stefan Kraft
77%
3 Markus Eisenbichler
74%
2 Anze Lanisek
68%
9 Timi Zajc
58%
10 Yukiya Sato
55%
6 Killian Peier
42%
7 Pius Paschke
35%
Nie znaleziono quizów pasujących do podanych kryteriów
Rozkład punktacji
Procent ludzi z każdym wynikiem
Percentyl według liczby udzielonych odpowiedzi
Twoja historia wyników
Nie rozwiązałeś tego quizu